Statistics for Harry Potter Names With Hints

Click here to take the quiz!

General Stats

  • This quiz has been taken 57 times
    (51 since last reset)
  • The average score is 102 of 240

Answer Stats

HintWordsAnswer% Correct
The Boy-Who-Lived2Harry Potter
100%
Harry's best female friend2Hermione Granger
95%
Harry's best male friend2Ron Weasley
95%
Potions master books 1-52Severus Snape
93%
Married Astoria Greengrass2Draco Malfoy
88%
Enchanted a car to fly2Arthur Weasley
86%
Biggest fear was Severus Snape2Neville Longbottom
86%
Last descendent of Slytherin1-2Tom Riddle (Voldemort)
84%
Killed Bellatrix Lestrange2Molly Weasley
81%
Lost an ear2George Weasley
79%
Ran the Leaky Cauldron1Tom (Tom the Bartender)
79%
Died in the 7th floor corridor2Fred Weasley
74%
Deputy Headmistress books 1-62Minerva McGonagall
74%
Killed Dobby2Bellatrix Lestrange
72%
Fought the Swedish Short-Snout2Cedric Diggory
70%
Wrote a message with chicken blood2Ginny Weasley
70%
Supreme Mugwump2Albus Dumbledore
67%
Claimed Slytherin's locket was a Selwyn family heirloom2Dolores Umbridge
67%
Dated Penelope Clearwater2Percy Weasley
67%
Betrayed the Order of the Phoenix2Peter Pettigrew
67%
Keeper of the Keys at Hogwarts2Rubeus Hagrid
67%
Told Snape how to enter the Shrieking Shack2Sirius Black
67%
Ravenclaw seeker2Cho Chang
65%
Killed by a dagger through the heart1Dobby
65%
Winner of the most charming smile award2Gilderoy Lockhart
65%
Potions master books 6-72Horace Slughorn
65%
On the Hogwarts Board of Governors2Lucius Malfoy
65%
Got special permission to attend Hogwarts from Dumbledore2Remus Lupin
65%
Bulgarian seeker2Viktor Krum
65%
Lived in a trunk for a year2Alastor Moody
63%
Cedric's father2Amos Diggory
63%
Minister for Magic books 1-52Cornelius Fudge
63%
Worked at Gringotts to improve her English2Fleur Delacour
63%
Cursed by an opal necklace2Katie Bell
63%
Made a flower bloom as a child2Lily Potter
63%
Went to the Yule Ball with Fred Weasley2Angelina Johnson
60%
Hogwarts caretaker2Argus Filch
60%
Attended Smeltings2Dudley Dursley
60%
Guardian of Gryffindor common room2-3Fat Lady
60%
Impersonated by Harry Potter in book 22Gregory Goyle
60%
Took Slytherin's locket to Grimmauld Place1Kreacher
60%
Went to the Yule Ball with Harry Potter2Parvati Patil
60%
Great-great-grandaughter of a celebrated seer2Sybill Trelawney
60%
The Crouch house elf1Winky
60%
Posessed by Nagini2Bathilda Bagshot
58%
Fell asleep to harp music1Fluffy
58%
Hagrid's half brother1Grawp
58%
Both parents died of dragon pox2James Potter
58%
Female student mauled by Greyback2Lavender Brown
58%
Harry's daughter (full name)3Lily Luna Potter
58%
Looked into the Basilisk's eyes2Myrtle Warren (Moaning Myrtle)
58%
Swore an unbreakable vow with Snape2Narcissa Malfoy
58%
Filtch's companion1-2Norris (Mrs. Norris)
58%
Went to the Yule Ball with Ron2Padma Patil
58%
Likes to make students late for class1Peeves
58%
Grew mandrakes2Pomona Sprout
58%
Middle name was Arcturus2Regulus Black
58%
Named after two Hogwarts headmasters3Albus Severus Potter
56%
Neville's mother2Alice Longbottom
56%
Gringotts curse-breaker2Bill Weasley
56%
Accompanied Ron and Harry to visit Aragog1Fang
56%
Assaulted Bill Weasley in book 62Fenrir Greyback
56%
Trelawney's replacement as divination professor1Firenze
56%
Neville's father2Frank Longbottom
56%
First goblin mentioned by name1Griphook
56%
Stole and sold Salazar Slytherin's locket2Mundungus Fletcher
56%
Changed nose into a pig snout2Nymphadora Tonks
56%
Died in the Room of Requirement2Vincent Crabbe
56%
Received the Dementor's Kiss in book 43Barty Crouch Jr.
53%
Was a Gryffindor seeker before Harry Potter2Charlie Weasley
53%
Youngest named student who died at the Battle of Hogwarts2Colin Creevey
53%
The Weasley family owl1Errol
53%
First student sorted in Harry's year2Hannah Abbott
53%
Dumbledore's mother2Kendra Dumbledore
53%
Head of the Department of Magical Games and Sports2Ludo Bagman
53%
Said that regrowing bones is harder than mending them2Poppy Pomfrey
53%
Son of Astoria Greengrass2Scorpius Malfoy
53%
Irish half-blood2Seamus Finnigan
53%
Taught Muggle Studies in book 72Alecto Carrow
51%
Buried in a deep pit near Hagrid's house1Aragog
51%
Killed by Grindelwald or one of the Dumbledores2Ariana Dumbledore
51%
Muggle Studies professor killed by Voldemort2Charity Burbage
51%
Refereed the first Quidditch game of book 11Hooch (Madam Hooch)
51%
Replaced Zacharias Smith as Quidditch commentator one game2Luna Lovegood
51%
Posessed a woman in Godric's Hollow1Nagini
51%
Born into the Mimsy-Porpington family3Nearly Headless Nick
51%
Joined Puddlemere United2Oliver Wood
51%
Beetle animagus2Rita Skeeter
51%
Works at Grunnings2Vernon Dursley
51%
Taught Defense Against the Dark Arts in book 72Amycus Carrow
49%
Became interested in Hermione in book 52Cormac McLaggen
49%
The first to befriend to Sirius Black in book 31Crookshanks
49%
Saved Harry's life with phoenix tears1Fawkes
49%
Childhood friend of Albus Dumbledore2Gellert Grindelwald
49%
Named after two of the Marauders (full name)3James Sirius Potter
49%
Slytherin Quidditch captain2Marcus Flint
49%
Made a new wand for Neville1Ollivander (Garrick Ollivander)
49%
Hufflepuff witch whose aunt was Head of the Department of Magical Law Enforcement2Susan Bones
49%
Drew an animated Gryffindor Quidditch banner2Dean Thomas
47%
Named after someone in Harry's History of Magic textbook1Hedwig
47%
Killed by the Bloody Baron2Helena Ravenclaw (Grey Lady)
47%
Owns Ripper2Marge Dursley
47%
Wrote Dumbledore to ask for a place at Hogwarts2Petunia Dursley
47%
Prosecuted for practicing inappropriate charms on a goat2Aberforth Dumbledore
44%
Shot an arrow above Umbridge's head as a warning1Bane
44%
Fell in the lake before being sorted2Dennis Creevey
44%
French witch rescued from the bottom of the Black Lake2Gabrielle Delacour
44%
Believed Harry tried to attack him with a snake in book 22Justin Finch-Fletchley
44%
Posed as the muggle Prime Minister's secretary2Kingsley Shacklebolt
44%
Brought a tarantula to Hogwarts in book 12Lee Jordan
44%
Claimed to be big-boned2Olympe Maxime (Madame Maxime)
44%
Raveclaw prefect; dated Percy2Penelope Clearwater
44%
Hogwarts librarian1Pince (Madam Pince)
44%
Claimed he was about to be made youngest Minister for Magic ever2Stan Shunpike
44%
Killed Ravenclaw's daughter2Bloody Baron
42%
Substitute professor for Hagrid1Grubbly-Plank (Wilhelmina Grubbly-Plank)
42%
Imprisoned for assaulting a ministry worker in Little Hangleton2Marvolo Gaunt
42%
Sold Salazar Slytherin's locket for 10 galleons2Merope Gaunt
42%
Wrote Fantastic Beasts and Where to Find Them2Newt Scamander
42%
Famous alchemist2Nicholas Flamel
42%
Sirius' gift to Ron1Pigwidgeon
42%
Minister for Magic who was put under the imperius2Pius Thicknesse
42%
Attempted to give Harry a love potion2Romilda Vane
42%
On the run with Dirk Cresswell and Dean Thomas in book 72Ted Tonks
42%
A Gryffindor Quidditch team reserve until Harry's first year2Alicia Spinnet
40%
Disinherited sister of Narcissa2Andromeda Tonks
40%
Headmaster while Tom Riddle went to school2Armando Dippet
40%
Last student sorted in Harry's year2Blaise Zabini
40%
Owned an antiques shop in Knockturn Alley1Borgin (Mr. Borgin)
40%
The Hufflepuff ghost2Fat Friar
40%
Wore frilly pink robes to the Yule Ball2Pansy Parkinson
40%
Ex-auror who became Minister for Magic2Rufus Scrimgeour
40%
Astronomy professor1Sinistra (Aurora Sinistra)
40%
Presided over Harry's disciplinary hearing2Amelia Bones
37%
Had a house that smelled of cabbage2Arabella Figg
37%
Snape's mother2Eileen Prince
37%
Wrote Dumbledore's obituary for the Daily Prophet2Elphias Doge
37%
Told Ron in book 3 that Hermione had never missed Muggle Studies class2Ernie Macmillan
37%
Half-goblin2Filius Flitwick
37%
Arrested for the Riddle family murders2Frank Bryce
37%
Owned Hokey2Hepzibah Smith
37%
Framed for poisoning tea1Hokey
37%
Youngest of the 3 brothers; received the Cloak of Invisibility2Ignotus Peverell
37%
Betrayed Dumbledore's Army2Marietta Edgecombe
37%
Wrestled with Hermione during Duel Club in book 22Millicent Bulstrode
37%
Owns a house shaped like a rook2Xenophilius Lovegood
37%
Arrived at 12 Grimmauld Place by holding onto Hermione during apparition1Yaxley (Corban Yaxley)
37%
Highly skeptical Hufflepuff2Zacharias Smith
37%
Wears a hat with a stuffed vulture2Augusta Longbottom
35%
Second of the 3 brothers; received the Resurrection Stone2Cadmus Peverell
35%
Maker of Viktor Krum's wand1Gregorovitch (Mykew Gregorovitch)
35%
Accompanied the Dursleys and Harry to the zoo2Piers Polkiss
35%
Was the Muggle Studies professor before Ms. Burbage2Quirinus Quirrell
35%
Impersonated by Ron in the Ministry of Magic2Reg Cattermole
35%
Came "from glen"2Rowena Ravenclaw
35%
Came "from fen"2Salazar Slytherin
35%
Metamorphmagus named after his deceased grandfather2Teddy Lupin
35%
Left his wife while she was pregnant3Tom Riddle Sr.
35%
Demoted to Head of the Department of International Magical Cooperation3Barty Crouch Sr.
33%
Lived in Walburga Black's room1Buckbeak
33%
Found dead in a shack2Igor Karkaroff
33%
Muggleborn witch saved from registration by Harry and Hermione2Mary Cattermole
33%
Ravenclaw who briefly dated Ginny in his 5th year2Michael Corner
33%
Jinxed a muggle to erupt in hives2Morfin Gaunt
33%
Lent Fleur a tiara1Muriel (Aunt Muriel)
33%
Death Eater described as thin and nervous when he was on trial with his sister-in-law Bellatrix2Rabastan Lestrange
33%
Death Eater married to Bellatrix2Rodolphus Lestrange
33%
Arithmancy professor known to be strict1Vector (Septima Vector)
33%
Eldest of the 3 brothers; received the Elder Wand2Antioch Peverell
30%
Ginny's Pygmy Puff1Arnold
30%
Ministry worker who went on holiday to Albania2Bertha Jorkins
30%
Death Eater who lost a duel to Flitwick at the Battle of Hogwarts1Dolohov (Antonin Dolohov)
30%
Knight Bus driver2Ernie Prang
30%
Owned an ice cream shop in Diagon Alley2Florean Fortescue
30%
Executioner1Macnair (Walden Macnair)
30%
Witch who worked in the Improper Use of Magic Office2Mafalda Hopkirk
30%
Was present when Harry first meets Draco1Malkin (Madam Malkin)
30%
Snape's father2Tobias Snape
30%
Bowed to Harry when Harry was a child2Dedalus Diggle
28%
Came "from wild moor"2Godric Gryffindor
28%
Comes from "valley broad"2Helga Hufflepuff
28%
Hogwarts' least popular headmaster3Phineas Nigellus Black
28%
Impersonated by Harry in the Ministry of Magic2Albert Runcorn
26%
Bought Slytherin's locket from Merope2Caractacus Burke
26%
Muggleborn wizard; head of the Goblin Liaison Office2Dirk Cresswell
26%
Gryffindor beater who "looked weedy but aimed well"2Ritchie Coote
26%
Imperiused by Draco Malfoy1Rosmerta (Madam Rosmerta)
26%
Member of the Order of Phoenix caught breaking into the Department of Mysteries2Sturgis Podmore
26%
Apparition instructor2Wilkie Twycross
26%
Killed by a potted plant2Broderick Bode
23%
Slytherin witch; sister to Astoria2Daphne Greengrass
23%
Witch who escorted the Dursleys away from Privet Drive2Hestia Jones
23%
Red-haired centaur who pointed out Harry and Hermione were "foals"1Ronan
23%
Death Eater who infiltrated the Department of Mysteries1Rookwood (Augustus Rookwood)
23%
Snatcher in Greyback's gang who asked where the Slytherin common room was1Scabior
23%
Got lost on the Hogwarts train1Trevor
23%
Burned members off the family tree2Walburga Black
23%
Lavender's rabbit that died following a prophesy1Binky
21%
Said there is no evidence Slytherin ever built "so much as a broom cupboard"1Binns (Cuthbert Binns)
21%
Ministry worker who visited the Gaunt shack2Bob Ogden
21%
Auror who attempted to arrest Dumbledore with Kingsley in book 51-2Dawlish (John Dawlish)
21%
Captain of the Holyhead Harpies2Gwenog Jones
21%
Gryffindor beater who hit Harry in the head with a bludger during tryouts2Jimmy Peakes
21%
Care of Magical Creatures professor who was missing a leg1Kettleburn (Silvanus Kettleburn)
21%
Wife of aforementioned famous alchemist2Perenelle Flamel
21%
Ravenclaw Quidditch captain2Roger Davies
21%
Ravenclaw prefect in Harry's year2Anthony Goldstein
19%
Goblin who opened the Lestrange family vault1Bogrod
19%
A singer of whom Mrs. Weasley is a fan2Celestina Warbeck
19%
The friend who was with Katie when she was cursed by a necklace1Leanne
19%
Attacked by Umbridge with the incarcerous spell1Magorian
19%
Ripped up a stuffed teddy bear1Norbert
19%
The Irish seeker during the Quidditch World Cup2Aidan Lynch
16%
The first Death Eater to grovel and beg forgiveness in book 41Avery
16%
The matron of the orphanage where Tom Riddle grew up1-2Cole (Mrs. Cole)
16%
Gryffindor chaser with a knack for dodging bludgers2Demelza Robins
16%
Gryffindor beater who knocked himself unconscious with his own bat2Jack Sloper
16%
Nephew of the wizard who invented the Wolfsbane Potion2Marcus Belby
16%
Forced into a Vanishing Cabinet by the Weasley twins1Montague (Graham Montague)
16%
Owner of a tea shop in Hogsmeade where Harry and Cho went on a date1Puddifoot (Madam Puddifoot)
16%
Slytherin who was one of the few students able to see thestrals2Theo Nott
16%
Death Eater whose hood came off during the flight from Privet Drive and who talked to Hermione while polyjuiced as Bellatrix1Travers
16%
Dropped Neville out a window2Algie Longbottom (Uncle Algie)
14%
Death Eater who was killed resisting arrest and later named by Karkaroff2Evan Rosier
14%
Referee of the Quidditch World Cup in book 42Hassan Mostafa
14%
Tom Riddle's paternal grandmother2Mary Riddle
14%
The girl who teased Myrtle2Olive Hornby
14%
Married his second cousin to keep the blood pure2Orion Black
14%
The muggle who ran the campsite by the Quidditch World Cup1Roberts (Mr. Roberts)
14%
O.W.L. examiner who asked Harry to cast a Patronus for extra credit1Tofty (Professor Tofty)
14%
Left a "decent amount of gold" to Sirius upon his death2Alphard Black (Uncle Alphard)
12%
Member of the Order; murdered by Death Eaters near the residence of the muggle Prime Minister2Emmeline Vance
12%
Leader (gurg) of the giants1Karkus
12%
Slytherin student who was encouraged by his house to enter his name in the Goblet of Fire1-2Warrington (Cassius Warrington)
12%
Fleur's mother2Apolline Delacour
9%
Past Hogwarts Headmistress whose portrait hangs in St. Mungo's2Dilys Derwent
9%
Threw up on the Knight Bus1Marsh (Madam Marsh)
9%
Gryffindor beater who fell off his own broom during a match2Andrew Kirke
7%
Minister for Magic during Voldemort's first downfall2Millicent Bagnold
7%
Guarded Gryffindor tower after its regular guardian was scared off2Sir Cadogen
2%

Score Distribution

Percentile by Number Answered

Percent of People with Each Score

Your Score History

You have not taken this quiz since the last reset